Liam Payne - Get Low - All lyrics - Statistics

General Stats
  • This quiz has been taken 7 times
  • The average score is 297 of 504
Answer Stats
Answer % Correct
a
100%
get
100%
Get
100%
(Get
100%
I
100%
low,
100%
low
100%
low),
100%
low)
100%
the
100%
The
100%
be
83%
go
83%
in
83%
me
83%
my
83%
on
83%
to
83%
we
83%
where
83%
(Ah)
67%
and
67%
do
67%
of
67%
too
67%
were
67%
We're
67%
When
67%
yeah
67%
you
67%
you,
67%
You
67%
your
67%
are,
50%
As
50%
as
50%
but
50%
don't
50%
Don't
50%
down,
50%
feel?
50%
Girl,
50%
got
50%
if
50%
I'm
50%
I'ma
50%
is
50%
It's
50%
I've
50%
love,
50%
mean
50%
no,
50%
(Oh)
50%
Sexy,
50%
that
50%
there
50%
time,
50%
up
50%
wanna
50%
want
50%
What
50%
what
50%
you're
50%
you've
50%
beautiful
33%
been
33%
can
33%
ear
33%
for
33%
fragile,
33%
give
33%
Hands
33%
hard
33%
have
33%
I'll
33%
just
33%
know
33%
Know
33%
Let's
33%
let's
33%
life
33%
like
33%
missing
33%
much
33%
now
33%
out
33%
say
33%
see
33%
shadows,
33%
take
33%
vibe,
33%
waist,
33%
water
33%
way
33%
Whispering
33%
wish
33%
back,
17%
believe
17%
Bet
17%
blowing
17%
broken
17%
care
17%
Chained
17%
chest
17%
climb
17%
Come
17%
come
17%
crazy
17%
dark
17%
drowning
17%
enjoy
17%
enough
17%
escape
17%
explode,
17%
Faded,
17%
floating
17%
glimpse
17%
help
17%
here,
17%
hold
17%
hope
17%
hoping
17%
light
17%
lost
17%
loud
17%
made
17%
make
17%
Maybe
17%
new
17%
ocean,
17%
over
17%
pillow
17%
pretend,
17%
quick
17%
reach
17%
right
17%
rush
17%
Sensitive
17%
shine,
17%
stars
17%
stuck?
17%
Swimming
17%
thrill
17%
touch
17%
tough,
17%
undertow
17%
waves
17%
wheel
17%
wind
17%
yourself
17%
lovers
0%
sound
0%
No matching quizzes found
Score Distribution
Percent of People with Each Score
Percentile by Number Answered
Your Score History
You have not taken this quiz